[Event "GER-ch Blitz"]
[Site "Munich"]
[Date "2025.05.24"]
[Round "9"]
[White "Arndt, Magnus"]
[Black "Richter, Christian"]
[Result "1-0"]
[WhiteElo "2380"]
[BlackElo "2340"]
[PlyCount "105"]
[EventDate "2025.05.24"]
[EventType "tourn (blitz)"]
[EventRounds "29"]
[EventCountry "GER"]
[EventCategory "6"]
[SourceTitle "CB22_2025"]
[SourceDate "2025.05.28"]
[SourceVersion "1"]
[SourceVersionDate "2025.05.28"]
[SourceQuality "1"]

1. e4 e5 2. Nf3 Nc6 3. d4 exd4 4. Nxd4 Nf6 5. Nxc6 bxc6 6. e5 Qe7 7. Qe2 Nd5 8. c4 Ba6 9. b3 g5 10. Ba3 Qxa3 11. Nxa3 Bb4+ 12. Qd2 Bxd2+ 13. Kxd2 Nf4 14. h4 gxh4 15. Rxh4 Ng6 16. Rh5 Kf8 17. g3 Re8 18. Re1 Kg7 19. Nc2 Bc8 20. Nd4 Ne7 21. Bd3 h6 22. f4 Rhf8 23. Reh1 Rh8 24. f5 f6 25. exf6+ Kxf6 26. Rxh6+ Rxh6 27. Rxh6+ Kg5 28. Rh7 Ng8 29. Rg7+ Kf6 30. Rg6+ Kf7 31. Nf3 d6 32. Ng5+ Kf8 33. g4 c5 34. Be4 Re7 35. Bd5 Rg7 36. Rxg7 Kxg7 37. Ne6+ Kf6 38. Nxc7 Nh6 39. Bf3 Kg5 40. Ke3 Bd7 41. Nb5 Bxb5 42. cxb5 d5 43. a4 Nf7 44. Bxd5 Ne5 45. Bf3 c4 46. bxc4 Nxc4+ 47. Kd4 Nd6 48. Be2 Kf6 49. Bd3 Kg5 50. Kd5 Nc8 51. a5 Ne7+ 52. Kd6 Nc8+ 53. Kd7 1-0

[Event "GER-ch Blitz"]
[Site "Munich"]
[Date "2025.05.24"]
[Round "28"]
[White "Knuedel, Torben"]
[Black "Richter, Christian"]
[Result "1-0"]
[WhiteElo "2319"]
[BlackElo "2340"]
[PlyCount "57"]
[EventDate "2025.05.24"]
[EventType "tourn (blitz)"]
[EventRounds "29"]
[EventCountry "GER"]
[EventCategory "6"]
[SourceTitle "CB22_2025"]
[SourceDate "2025.05.28"]
[SourceVersion "1"]
[SourceVersionDate "2025.05.28"]
[SourceQuality "1"]

1. e4 e5 2. Nf3 Nc6 3. Bb5 a6 4. Ba4 Nf6 5. 0-0 b5 6. Bb3 Be7 7. d4 d6 8. d5 Na5 9. Re1 Bd7 10. Bg5 0-0 11. Nc3 b4 12. Bxf6 Bxf6 13. Ne2 Nxb3 14. axb3 c5 15. dxc6 Bxc6 16. Qd3 Bb5 17. Qd2 a5 18. c4 Bc6 19. Ng3 g6 20. Rad1 Be7 21. h4 Qc8 22. Qh6 Re8 23. Ng5 Bxg5 24. hxg5 Qe6 25. Rd3 f6 26. Nh5 gxh5 27. gxf6 Ra7 28. Rg3+ Kh8 29. Rg7 1-0

[Event "GER-ch Blitz"]
[Site "Munich"]
[Date "2025.05.24"]
[Round "21"]
[White "Richter, Christian"]
[Black "Barzen, Pascal"]
[Result "0-1"]
[WhiteElo "2340"]
[BlackElo "2348"]
[PlyCount "74"]
[EventDate "2025.05.24"]
[EventType "tourn (blitz)"]
[EventRounds "29"]
[EventCountry "GER"]
[EventCategory "6"]
[SourceTitle "CB22_2025"]
[SourceDate "2025.05.28"]
[SourceVersion "1"]
[SourceVersionDate "2025.05.28"]
[SourceQuality "1"]

1. d4 Nf6 2. Nf3 e6 3. c4 b6 4. g3 Ba6 5. Qa4 Bb7 6. Bg2 c5 7. 0-0 cxd4 8. Nxd4 Bxg2 9. Kxg2 Be7 10. Nc3 0-0 11. Rd1 a6 12. Bg5 Qc7 13. Rac1 Qb7+ 14. f3 d6 15. Bxf6 Bxf6 16. Ne4 Be7 17. Rd3 Rc8 18. Nb3 b5 19. cxb5 Rxc1 20. Nxc1 axb5 21. Qc2 d5 22. Nc5 Qa7 23. b4 Nc6 24. a3 Ne5 25. Rc3 Nc4 26. Qd3 Bxc5 27. bxc5 Qxc5 28. Nb3 Qxa3 29. Nd4 Qc5 30. Nb3 Qb6 31. Nd4 b4 32. Rb3 g6 33. Nc2 Ra4 34. e4 Ra2 35. Kh3 Qf2 36. Nxb4 Qxh2+ 37. Kg4 Ne5+ 0-1

[Event "GER-ch Blitz"]
[Site "Munich"]
[Date "2025.05.24"]
[Round "4"]
[White "Richter, Christian"]
[Black "Donchenko, Alexander"]
[Result "0-1"]
[WhiteElo "2340"]
[BlackElo "2615"]
[PlyCount "88"]
[EventDate "2025.05.24"]
[EventType "tourn (blitz)"]
[EventRounds "29"]
[EventCountry "GER"]
[EventCategory "6"]
[SourceTitle "CB22_2025"]
[SourceDate "2025.05.28"]
[SourceVersion "1"]
[SourceVersionDate "2025.05.28"]
[SourceQuality "1"]

1. d4 Nf6 2. Nf3 d5 3. c4 e6 4. Nc3 Bb4 5. Qa4+ Nc6 6. cxd5 exd5 7. Bg5 h6 8. Bxf6 Qxf6 9. e3 0-0 10. Be2 Bd7 11. Qb3 Qd6 12. 0-0 Bxc3 13. Qxc3 Bg4 14. Rfc1 Rac8 15. Rc2 Rfe8 16. Qc5 Qg6 17. Rc3 Red8 18. Rac1 Rd6 19. Qb5 Rf6 20. Ne1 a6 21. Qd3 Bxe2 22. Qxe2 Re8 23. Qc2 Qg4 24. Qd1 Qf5 25. Nd3 h5 26. a3 h4 27. h3 Rg6 28. Kh1 Rg5 29. Qf3 Qd7 30. Nc5 Qc8 31. b4 Ne7 32. Nd3 c6 33. Nf4 Qf5 34. Nd3 Qd7 35. Nc5 Qc8 36. Qf4 Rh5 37. Qg4 Qxg4 38. hxg4 Rg5 39. f3 Rb8 40. Kh2 f5 41. Kh3 fxg4+ 42. Kxh4 Rg6 43. e4 gxf3 44. gxf3 Kf7 0-1

[Event "GER-ch Blitz"]
[Site "Munich"]
[Date "2025.05.24"]
[Round "25"]
[White "Richter, Christian"]
[Black "Langheinrich, Ferenc"]
[Result "0-1"]
[WhiteElo "2340"]
[BlackElo "2346"]
[PlyCount "56"]
[EventDate "2025.05.24"]
[EventType "tourn (blitz)"]
[EventRounds "29"]
[EventCountry "GER"]
[EventCategory "6"]
[SourceTitle "CB22_2025"]
[SourceDate "2025.05.28"]
[SourceVersion "1"]
[SourceVersionDate "2025.05.28"]
[SourceQuality "1"]

1. d4 Nf6 2. Nf3 g6 3. c4 Bg7 4. g3 0-0 5. Bg2 d6 6. Nc3 Nc6 7. 0-0 a6 8. b3 Rb8 9. Nd5 e6 10. Nxf6+ Bxf6 11. Bh6 Re8 12. Rc1 e5 13. d5 Ne7 14. e4 c5 15. dxc6 Nxc6 16. h3 Bg7 17. Qd2 Bxh6 18. Qxh6 Qe7 19. Rfd1 f6 20. Qd2 Rd8 21. Rc3 f5 22. exf5 Bxf5 23. Re3 Qf6 24. Kh2 Kg7 25. Qb2 h6 26. Nh4 Nd4 27. Nxf5+ gxf5 28. f4 b6 0-1

[Event "BL2-West 2324"]
[Site "Germany"]
[Date "2024.03.17"]
[Round "10.6"]
[White "Schaffarczyk, Andre"]
[Black "Richter, Christian"]
[Result "1/2-1/2"]
[WhiteElo "2118"]
[BlackElo "2358"]
[PlyCount "22"]
[EventDate "2023.10.21"]
[EventType "team-tourn"]
[EventRounds "10"]
[EventCountry "GER"]
[SourceTitle "EXT 2025"]
[Source "ChessBase"]
[SourceDate "2024.10.14"]
[SourceVersion "1"]
[SourceVersionDate "2024.10.14"]
[SourceQuality "1"]
[WhiteTeam "Lieme"]
[BlackTeam "Werder Bremen II"]
[WhiteTeamCountry "GER"]
[BlackTeamCountry "GER"]

1. e4 e5 2. Nf3 Nc6 3. d4 exd4 4. Bc4 Bc5 5. Ng5 Nh6 6. Nxf7 Nxf7 7. Bxf7+ Kxf7 8. Qh5+ g6 9. Qxc5 d6 10. Qc4+ Be6 11. Qd3 d5 1/2-1/2

[Event "BL2-West 2324"]
[Site "Germany"]
[Date "2024.02.24"]
[Round "7.6"]
[White "Richter, Christian"]
[Black "Prokofyev, Valentyn"]
[Result "1/2-1/2"]
[WhiteElo "2358"]
[BlackElo "2315"]
[PlyCount "113"]
[EventDate "2023.10.21"]
[EventType "team-tourn"]
[EventRounds "10"]
[EventCountry "GER"]
[SourceTitle "EXT 2025"]
[Source "ChessBase"]
[SourceDate "2024.10.14"]
[SourceVersion "1"]
[SourceVersionDate "2024.10.14"]
[SourceQuality "1"]
[WhiteTeam "Werder Bremen II"]
[BlackTeam "Bad Wolfhagen Emstal"]
[WhiteTeamCountry "GER"]
[BlackTeamCountry "GER"]

1. d4 Nf6 2. c4 e6 3. Nf3 d5 4. Nc3 a6 5. cxd5 exd5 6. Bf4 Bd6 7. e3 Bxf4 8. exf4 Bg4 9. Qa4+ c6 10. Ne5 Qb6 11. Rb1 Bf5 12. Bd3 Bxd3 13. Nxd3 0-0 14. 0-0 Nbd7 15. Ne5 Rfe8 16. Nxd7 Nxd7 17. Nxd5 cxd5 18. Qxd7 Rad8 19. Qa4 Re4 20. Rfd1 Rxf4 21. Rd2 Re4 22. Rf1 h6 23. g3 h5 24. Qd1 h4 25. f3 Re3 26. Re1 Rde8 27. Rxe3 Rxe3 28. Kf2 Re7 29. Qc2 Qe6 30. g4 Qe3+ 31. Kg2 g6 32. Qd1 Kg7 33. Rc2 Qf4 34. Rd2 f5 35. gxf5 Qxf5 36. Rd3 h3+ 37. Kf1 Qg5 38. Qd2 Qg2+ 39. Qxg2 hxg2+ 40. Kxg2 Re2+ 41. Kg3 Rxb2 42. a3 Kf6 43. h4 a5 44. Rc3 a4 45. Rc5 Rb3 46. Rxd5 Rxa3 47. Ra5 Ra1 48. Rb5 a3 49. Kf4 a2 50. Rb6+ Ke7 51. Rxb7+ Kd6 52. Ra7 Kc6 53. Ra8 Kb5 54. d5 Kc5 55. Ra5+ Kd6 56. Ra8 Kxd5 57. Ra7 1/2-1/2

[Event "BL2-West 2324"]
[Site "Germany"]
[Date "2023.12.03"]
[Round "4.7"]
[White "Richter, Christian"]
[Black "Kurth, Justus"]
[Result "1/2-1/2"]
[WhiteElo "2358"]
[BlackElo "2264"]
[PlyCount "33"]
[EventDate "2023.10.21"]
[EventType "team-tourn"]
[EventRounds "10"]
[EventCountry "GER"]
[SourceTitle "EXT 2025"]
[Source "ChessBase"]
[SourceDate "2024.10.14"]
[SourceVersion "1"]
[SourceVersionDate "2024.10.14"]
[SourceQuality "1"]
[WhiteTeam "Werder Bremen II"]
[BlackTeam "Koeln SF"]
[WhiteTeamCountry "GER"]
[BlackTeamCountry "GER"]

1. d4 d5 2. c4 c6 3. cxd5 cxd5 4. Nc3 Nf6 5. Bf4 Nc6 6. e3 Bf5 7. Qb3 Na5 8. Qa4+ Bd7 9. Qc2 e6 10. Bd3 Rc8 11. Nge2 Be7 12. 0-0 b5 13. a3 0-0 14. h3 Nc4 15. Rfb1 Qb6 16. Qd1 Rfd8 17. Bg5 1/2-1/2

[Event "BL2-West 2324"]
[Site "Germany"]
[Date "2023.12.02"]
[Round "3.7"]
[White "Wickenfeld, Stefan"]
[Black "Richter, Christian"]
[Result "1/2-1/2"]
[WhiteElo "2214"]
[BlackElo "2358"]
[PlyCount "66"]
[EventDate "2023.10.21"]
[EventType "team-tourn"]
[EventRounds "10"]
[EventCountry "GER"]
[SourceTitle "EXT 2025"]
[Source "ChessBase"]
[SourceDate "2024.10.14"]
[SourceVersion "1"]
[SourceVersionDate "2024.10.14"]
[SourceQuality "1"]
[WhiteTeam "Solingen II"]
[BlackTeam "Werder Bremen II"]
[WhiteTeamCountry "GER"]
[BlackTeamCountry "GER"]

1. d4 Nf6 2. Nf3 g6 3. g3 Bg7 4. Bg2 0-0 5. 0-0 d5 6. b3 c6 7. Bb2 Ne4 8. Nbd2 Bf5 9. c4 Nd7 10. cxd5 cxd5 11. Ne5 Nxe5 12. dxe5 Rc8 13. Nxe4 Bxe4 14. Bd4 Bxg2 15. Kxg2 Qa5 16. Qd3 Rc6 17. Rfc1 Rfc8 18. Rxc6 Rxc6 19. a4 a6 20. b4 Qc7 21. f4 Rc4 22. b5 Bf8 23. bxa6 bxa6 24. a5 e6 25. h4 Bc5 26. Bxc5 Qxc5 27. h5 gxh5 28. Qf3 Rc3 29. Qxh5 Rxg3+ 30. Kxg3 Qc3+ 31. e3 Qxa1 32. Qg5+ Kf8 33. Qd8+ Kg7 1/2-1/2

[Event "BL2-West 2324"]
[Site "Germany"]
[Date "2023.10.21"]
[Round "1.7"]
[White "Richter, Christian"]
[Black "Marcziter, Dmitrii"]
[Result "1/2-1/2"]
[WhiteElo "2358"]
[BlackElo "2223"]
[PlyCount "62"]
[EventDate "2023.10.21"]
[EventType "team-tourn"]
[EventRounds "10"]
[EventCountry "GER"]
[SourceTitle "EXT 2025"]
[Source "ChessBase"]
[SourceDate "2024.10.14"]
[SourceVersion "1"]
[SourceVersionDate "2024.10.14"]
[SourceQuality "1"]
[WhiteTeam "Werder Bremen II"]
[BlackTeam "Porz SG"]
[WhiteTeamCountry "GER"]
[BlackTeamCountry "GER"]

1. d4 Nf6 2. Nf3 g6 3. g3 Bg7 4. Bg2 0-0 5. c4 d5 6. cxd5 Nxd5 7. 0-0 Nc6 8. Nc3 Nb6 9. d5 Na5 10. e4 c6 11. Bf4 cxd5 12. Nxd5 Nxd5 13. exd5 Nc4 14. b3 Nd6 15. Rc1 Bg4 16. Qd2 Bxf3 17. Bxf3 Qd7 18. Rfe1 Rfc8 19. Bg5 Rxc1 20. Rxc1 Rc8 21. Rxc8+ Nxc8 22. Kg2 a6 23. h3 Nd6 24. Bg4 Qc7 25. Qe2 Bf6 26. Bf4 Qc5 27. Bf3 b5 28. Be3 Qc3 29. Bd2 Qc5 30. Be3 Qc3 31. Bd2 Qc5 1/2-1/2

[Event "GER-ch Blitz"]
[Site "Viernheim"]
[Date "2023.07.15"]
[Round "22"]
[White "Cofman, Veaceslav"]
[Black "Richter, Christian"]
[Result "1-0"]
[WhiteElo "2244"]
[BlackElo "2358"]
[PlyCount "107"]
[EventDate "2023.07.15"]
[EventType "tourn (blitz)"]
[EventRounds "29"]
[EventCountry "GER"]
[SourceTitle "CBM 215 Extra"]
[Source "ChessBase"]
[SourceDate "2023.09.30"]
[SourceVersion "1"]
[SourceVersionDate "2023.09.30"]
[SourceQuality "1"]

1. d4 Nf6 2. c4 g6 3. f3 Bg7 4. e4 d6 5. Nc3 Nc6 6. Be3 0-0 7. Nge2 a6 8. d5 Ne5 9. Ng3 c6 10. Be2 b5 11. 0-0 cxd5 12. cxd5 Bd7 13. Rc1 Qa5 14. a3 Rfc8 15. Na2 Rxc1 16. Qxc1 Rc8 17. Qd1 Nc4 18. Bd4 Ne8 19. Bxg7 Nxg7 20. Qd4 Qb6 21. Qxb6 Nxb6 22. Rc1 Rxc1+ 23. Nxc1 Na4 24. Nd3 a5 25. Bd1 Nb6 26. b3 Ne8 27. Ne2 Nc7 28. Nd4 Kg7 29. Be2 Kf6 30. f4 e5 31. fxe5+ dxe5 32. Nf3 Be8 33. Nfxe5 Ke7 34. Nf3 f6 35. Nd4 Kd6 36. Kf2 Na6 37. Ke3 Nc5 38. Nxc5 Kxc5 39. Nc2 b4 40. axb4+ axb4 41. Ne1 Kd6 42. Nd3 Nd7 43. Kd4 Bf7 44. Bf3 Be8 45. Nxb4 Nc5 46. Kc3 Bb5 47. h4 h6 48. Nc2 Bd3 49. b4 Nxe4+ 50. Kxd3 Ng3 51. Kc4 Nf5 52. h5 g5 53. g4 Nh4 54. Be4 1-0

[Event "GER-ch Blitz"]
[Site "Viernheim"]
[Date "2023.07.15"]
[Round "3"]
[White "Dobrikov, Marco"]
[Black "Richter, Christian"]
[Result "0-1"]
[WhiteElo "2269"]
[BlackElo "2358"]
[PlyCount "122"]
[EventDate "2023.07.15"]
[EventType "tourn (blitz)"]
[EventRounds "29"]
[EventCountry "GER"]
[SourceTitle "CBM 215 Extra"]
[Source "ChessBase"]
[SourceDate "2023.09.30"]
[SourceVersion "1"]
[SourceVersionDate "2023.09.30"]
[SourceQuality "1"]

1. e4 e5 2. Nf3 Nc6 3. Bc4 Bc5 4. 0-0 Nf6 5. d3 d6 6. c3 a6 7. a4 Ba7 8. h3 0-0 9. Nbd2 Be6 10. Re1 Re8 11. Bb3 h6 12. Nf1 d5 13. Bc2 dxe4 14. dxe4 Qxd1 15. Rxd1 Na5 16. Be3 Bxe3 17. Nxe3 Bb3 18. Bxb3 Nxb3 19. Ra3 Nc5 20. Nd5 Nfxe4 21. Nxc7 Rad8 22. Nd5 f6 23. b4 Ne6 24. c4 Kf7 25. a5 Nd6 26. Rc3 Nf5 27. Rcc1 Nfd4 28. Nxd4 Nxd4 29. Kf1 Nc6 30. Ra1 Nd4 31. Rab1 Nc6 32. f3 Rd7 33. Ke2 Red8 34. h4 Nd4+ 35. Kf2 Nc6 36. h5 Nd4 37. Nb6 Rc7 38. Rb2 Ke8 39. Rbd2 Ne6 40. Rd6 Rxd6 41. Rxd6 Nd8 42. b5 Nf7 43. Rd2 Nd8 44. Kg3 Rc5 45. Rd7 axb5 46. cxb5 Rxb5 47. Rxg7 Rxa5 48. Rg6 Kf7 49. Rxh6 Kg7 50. Rg6+ Kf7 51. Nd7 Ra6 52. Nc5 Rc6 53. Ne4 b5 54. Rg4 b4 55. Rh4 Kg7 56. Rh1 Kh6 57. Rc1 Kxh5 58. Rb1 Kg6 59. Rxb4 Ne6 60. Nf2 Nd4 61. Rb8 Ne2+ 0-1

[Event "GER-ch Blitz"]
[Site "Viernheim"]
[Date "2023.07.15"]
[Round "13"]
[White "Richter, Christian"]
[Black "Lenz, Jonas"]
[Result "1-0"]
[WhiteElo "2358"]
[BlackElo "2138"]
[PlyCount "47"]
[EventDate "2023.07.15"]
[EventType "tourn (blitz)"]
[EventRounds "29"]
[EventCountry "GER"]
[SourceTitle "CBM 215 Extra"]
[Source "ChessBase"]
[SourceDate "2023.09.30"]
[SourceVersion "1"]
[SourceVersionDate "2023.09.30"]
[SourceQuality "1"]

1. d4 Nf6 2. Nf3 g6 3. g3 Bg7 4. Bg2 0-0 5. c4 d5 6. 0-0 dxc4 7. Na3 c5 8. Nxc4 Be6 9. Ne3 Nc6 10. dxc5 Qa5 11. Bd2 Qxc5 12. Bc3 Rfd8 13. Qa4 Rac8 14. Rac1 Qh5 15. Rfd1 Bh3 16. Qb3 Bxg2 17. Kxg2 Rxd1 18. Rxd1 b6 19. Qc4 b5 20. Qb3 a5 21. Bxf6 exf6 22. Rd5 Ne5 23. Qxb5 Bh6 24. Nxe5 1-0

[Event "GER-ch Blitz"]
[Site "Viernheim"]
[Date "2023.07.15"]
[Round "11"]
[White "Richter, Christian"]
[Black "Wagner, Dennis"]
[Result "1/2-1/2"]
[WhiteElo "2358"]
[BlackElo "2598"]
[PlyCount "83"]
[EventDate "2023.07.15"]
[EventType "tourn (blitz)"]
[EventRounds "29"]
[EventCountry "GER"]
[SourceTitle "CBM 215 Extra"]
[Source "ChessBase"]
[SourceDate "2023.09.30"]
[SourceVersion "1"]
[SourceVersionDate "2023.09.30"]
[SourceQuality "1"]

1. d4 Nf6 2. Nf3 e6 3. c4 b6 4. g3 Bb7 5. Bg2 Bb4+ 6. Bd2 c5 7. 0-0 0-0 8. Bxb4 cxb4 9. a3 bxa3 10. Rxa3 a5 11. Nc3 Na6 12. Qb1 Rc8 13. b3 d5 14. Ne5 Qe7 15. Ra1 Nb4 16. e3 dxc4 17. Bxb7 Qxb7 18. Nxc4 Rfd8 19. Qb2 h5 20. Qe2 Rb8 21. h4 Ng4 22. Rfc1 e5 23. dxe5 Nd3 24. Rf1 Ndxe5 25. Nxe5 Nxe5 26. e4 Rd3 27. Rac1 Nf3+ 28. Kg2 Rbd8 29. Rfd1 Nd2 30. Rc2 Nxe4 31. Rxd3 Nxc3+ 32. Qf3 Qxf3+ 33. Rxf3 Ne4 34. Re2 Nc5 35. Re7 Rf8 36. Rc7 g6 37. Rc6 Rb8 38. Rff6 Nd7 39. Rfd6 Rb7 40. Rd5 Nc5 41. Rdd6 Nd7 42. Rd5 1/2-1/2

[Event "GER-ch Blitz"]
[Site "Viernheim"]
[Date "2023.07.15"]
[Round "8"]
[White "Schulze, Marc Andre"]
[Black "Richter, Christian"]
[Result "1/2-1/2"]
[WhiteElo "2170"]
[BlackElo "2358"]
[PlyCount "48"]
[EventDate "2023.07.15"]
[EventType "tourn (blitz)"]
[EventRounds "29"]
[EventCountry "GER"]
[SourceTitle "CBM 215 Extra"]
[Source "ChessBase"]
[SourceDate "2023.09.30"]
[SourceVersion "1"]
[SourceVersionDate "2023.09.30"]
[SourceQuality "1"]

1. d4 Nf6 2. Bf4 g6 3. Nc3 Bg7 4. e4 d6 5. Qd2 Nc6 6. 0-0-0 0-0 7. Bh6 e5 8. Bxg7 Kxg7 9. Nge2 Ng4 10. Qe1 Qf6 11. d5 Nb8 12. f3 Ne3 13. Rd3 Nxf1 14. Qxf1 Na6 15. Kb1 Bd7 16. Nc1 Nc5 17. Rd1 Qe7 18. Nb3 Nxb3 19. cxb3 f5 20. Qe2 fxe4 21. Nxe4 Bf5 22. Rc1 Rf7 23. Rc3 Rd8 24. Ka1 Bxe4 1/2-1/2

[Event "BL2-Nord 2223"]
[Site "Germany"]
[Date "2022.10.23"]
[Round "2.5"]
[White "Schulze, Torben"]
[Black "Richter, Christian"]
[Result "1/2-1/2"]
[WhiteElo "2280"]
[BlackElo "2354"]
[PlyCount "53"]
[EventDate "2022.10.22"]
[EventType "team-tourn"]
[EventRounds "10"]
[EventCountry "GER"]
[SourceTitle "EXT 2024"]
[Source "ChessBase"]
[SourceDate "2023.10.10"]
[SourceVersion "1"]
[SourceVersionDate "2023.10.10"]
[SourceQuality "1"]
[WhiteTeam "Lister Turm"]
[BlackTeam "Werder Bremen II"]
[WhiteTeamCountry "GER"]
[BlackTeamCountry "GER"]

1. e4 e5 2. Nf3 Nc6 3. d4 exd4 4. Nxd4 Nf6 5. Nxc6 bxc6 6. e5 Qe7 7. Qe2 Nd5 8. c4 Ba6 9. b3 g6 10. g3 Bg7 11. Bb2 0-0 12. Bg2 Rae8 13. 0-0 Bxe5 14. Qxe5 Qxe5 15. Bxe5 Rxe5 16. cxd5 Bxf1 17. Kxf1 cxd5 18. Na3 c6 19. Nc2 Rb8 20. Rd1 Rb5 21. Ne1 Re8 22. Bf3 Kf8 23. Rd4 Ra5 24. Rd2 Rb5 25. Rd4 Ra5 26. Rd2 Rb5 27. Rd4 1/2-1/2

[Event "GER-ch Blitz"]
[Site "Magdeburg"]
[Date "2021.08.01"]
[Round "24"]
[White "Baskin, Robert"]
[Black "Richter, Christian"]
[Result "1-0"]
[WhiteElo "2390"]
[BlackElo "2348"]
[PlyCount "64"]
[EventDate "2021.08.01"]
[EventType "tourn (blitz)"]
[EventRounds "29"]
[EventCountry "GER"]
[EventCategory "5"]
[SourceTitle "CBM 203 Extra"]
[Source "ChessBase"]
[SourceDate "2021.09.30"]
[SourceVersion "1"]
[SourceVersionDate "2021.09.30"]
[SourceQuality "1"]

1. e4 e5 2. Nf3 Nc6 3. Bb5 a6 4. Ba4 Nf6 5. 0-0 b5 6. Bb3 Be7 7. Re1 d6 8. c3 0-0 9. h3 Re8 10. d4 Bf8 11. Nbd2 h6 12. a3 Bd7 13. Ba2 a5 14. a4 bxa4 15. Bb1 Qb8 16. Bc2 exd4 17. Nxd4 Qb6 18. N2f3 Ne5 19. Bxa4 Bxa4 20. Rxa4 g6 21. Qc2 Qb7 22. Nxe5 Rxe5 23. Nf3 Ree8 24. e5 dxe5 25. Rxe5 Rxe5 26. Nxe5 Qd5 27. Bf4 Re8 28. Rd4 Qe6 29. Nf3 Bc5 30. Rd2 Ne4 31. Re2 Qc6 32. Bxh6 a4 1-0

[Event "GER-ch Blitz"]
[Site "Magdeburg"]
[Date "2021.08.01"]
[Round "28"]
[White "Carlstedt, Jonathan"]
[Black "Richter, Christian"]
[Result "1-0"]
[WhiteElo "2442"]
[BlackElo "2348"]
[PlyCount "87"]
[EventDate "2021.08.01"]
[EventType "tourn (blitz)"]
[EventRounds "29"]
[EventCountry "GER"]
[EventCategory "5"]
[SourceTitle "CBM 203 Extra"]
[Source "ChessBase"]
[SourceDate "2021.09.30"]
[SourceVersion "1"]
[SourceVersionDate "2021.09.30"]
[SourceQuality "1"]

1. d4 d5 2. Nf3 a6 3. e3 Nf6 4. Bd3 Bg4 5. Nbd2 e6 6. 0-0 c5 7. b3 Nc6 8. Bb2 cxd4 9. exd4 Nb4 10. Be2 Bf5 11. c3 Nd3 12. Bxd3 Bxd3 13. Re1 Bd6 14. Ne5 Bf5 15. c4 0-0 16. Re3 Ne4 17. Nxe4 Bxe4 18. c5 Bxe5 19. dxe5 a5 20. Bd4 Qd7 21. Qd2 Qb5 22. a3 Rfc8 23. h4 h5 24. Kh2 Rc6 25. f3 Bg6 26. Rc3 Rac8 27. Rac1 Kh7 28. g4 Rh8 29. Kg3 Kg8 30. Qg5 Rc8 31. Qe3 Kh7 32. a4 Qa6 33. Kf2 Rc6 34. Qg5 Rcc8 35. gxh5 Bf5 36. Rg1 Rhg8 37. Qe7 Rcf8 38. f4 Qc6 39. Rcg3 Qc8 40. h6 g6 41. h5 Qa8 42. hxg6+ Rxg6 43. Rxg6 Bxg6 44. Rxg6 1-0

[Event "GER-ch Blitz"]
[Site "Magdeburg"]
[Date "2021.08.01"]
[Round "23"]
[White "Fridman, Daniel"]
[Black "Richter, Christian"]
[Result "1-0"]
[WhiteElo "2621"]
[BlackElo "2348"]
[PlyCount "49"]
[EventDate "2021.08.01"]
[EventType "tourn (blitz)"]
[EventRounds "29"]
[EventCountry "GER"]
[EventCategory "5"]
[SourceTitle "CBM 203 Extra"]
[Source "ChessBase"]
[SourceDate "2021.09.30"]
[SourceVersion "1"]
[SourceVersionDate "2021.09.30"]
[SourceQuality "1"]

1. d4 d5 2. Nf3 a6 3. c4 dxc4 4. a4 Nf6 5. Nc3 Bf5 6. e3 e6 7. Bxc4 Bb4 8. 0-0 0-0 9. Nh4 Bg4 10. f3 Bh5 11. g4 Bg6 12. Nxg6 hxg6 13. e4 Nbd7 14. e5 Nh7 15. Be3 c5 16. Ne4 cxd4 17. Qxd4 Qc7 18. f4 Be7 19. Rac1 Qd8 20. Rfd1 Nb8 21. Qxd8 Rxd8 22. Rxd8+ Bxd8 23. Bxe6 Nc6 24. Bd5 Rc8 25. Nd6 1-0

[Event "GER-ch Blitz"]
[Site "Magdeburg"]
[Date "2021.08.01"]
[Round "15"]
[White "Kopylov, Michael"]
[Black "Richter, Christian"]
[Result "1/2-1/2"]
[WhiteElo "2392"]
[BlackElo "2348"]
[PlyCount "65"]
[EventDate "2021.08.01"]
[EventType "tourn (blitz)"]
[EventRounds "29"]
[EventCountry "GER"]
[EventCategory "5"]
[SourceTitle "CBM 203 Extra"]
[Source "ChessBase"]
[SourceDate "2021.09.30"]
[SourceVersion "1"]
[SourceVersionDate "2021.09.30"]
[SourceQuality "1"]

1. d4 d5 2. c4 dxc4 3. e4 e5 4. Nf3 exd4 5. Qxd4 Qxd4 6. Nxd4 Bb4+ 7. Nc3 c6 8. Bxc4 Nf6 9. f3 Nbd7 10. Be3 0-0 11. 0-0-0 Re8 12. g4 Nf8 13. Nf5 Be6 14. Be2 N6d7 15. Nd6 Bxd6 16. Rxd6 Ne5 17. b3 f6 18. Rhd1 Nf7 19. R6d2 b6 20. Kb2 Red8 21. f4 Rxd2+ 22. Rxd2 Re8 23. Bf3 Bc8 24. h4 g5 25. fxg5 fxg5 26. hxg5 Ne5 27. Be2 Bxg4 28. Bf1 Nfg6 29. Rd6 Kf7 30. Ne2 Re6 31. Rd8 Re8 32. Rd6 Re6 33. Rd8 1/2-1/2

[Event "GER-ch Blitz"]
[Site "Magdeburg"]
[Date "2021.08.01"]
[Round "22"]
[White "Richter, Christian"]
[Black "Bluebaum, Matthias"]
[Result "1-0"]
[WhiteElo "2348"]
[BlackElo "2674"]
[PlyCount "108"]
[EventDate "2021.08.01"]
[EventType "tourn (blitz)"]
[EventRounds "29"]
[EventCountry "GER"]
[EventCategory "5"]
[SourceTitle "CBM 203 Extra"]
[Source "ChessBase"]
[SourceDate "2021.09.30"]
[SourceVersion "1"]
[SourceVersionDate "2021.09.30"]
[SourceQuality "1"]

1. d4 Nf6 2. Nf3 d5 3. c4 e6 4. Nc3 Bb4 5. Qa4+ Nc6 6. cxd5 exd5 7. Bg5 h6 8. Bxf6 Qxf6 9. e3 0-0 10. Be2 a6 11. 0-0 Be6 12. Qc2 Bd6 13. Na4 Rae8 14. Nc5 Bc8 15. Rfc1 g5 16. Ne1 Kg7 17. Ned3 Qg6 18. Qd1 Rh8 19. Bh5 Qf5 20. h3 Qf6 21. a3 Ne7 22. Rc2 c6 23. b4 Bb8 24. a4 Qd6 25. Ne5 f6 26. Nf3 Rd8 27. Rb2 b6 28. Nd3 Nf5 29. a5 b5 30. Rc1 Qc7 31. Rbc2 Bd7 32. Nc5 Bc8 33. Nd3 Rd6 34. Rc3 Ne7 35. Qc2 Bf5 36. Qd1 Bc8 37. Qc2 Rhd8 38. Nc5 Ba7 39. Qb1 Bb8 40. Qc2 Rf8 41. Rd1 Rdd8 42. Rc1 Rd6 43. Rd1 Rdd8 44. Rc1 Nf5 45. Nxa6 Bxa6 46. Qxf5 Rd6 47. Qg6+ Kh8 48. Qxh6+ Kg8 49. Qg6+ Kh8 50. Bg4 f5 51. Qh5+ Kg7 52. Qxg5+ Rg6 53. Qxg6+ Kxg6 54. Rxc6+ Qxc6 1-0